[Event "Capablanca Memorial op-B 48th"]
[Site "Havana"]
[Date "2013.04.23"]
[Round "3"]
[White "Almirall Exposito, Pedro Antonio"]
[Black "Moreno Duran, Alexei de Jesus"]
[Result "1/2-1/2"]
[WhiteElo "2192"]
[BlackElo "2010"]
[PlyCount "145"]
[EventDate "2013.04.21"]
[EventType "swiss"]
[EventRounds "9"]
[EventCountry "CUB"]
[SourceTitle "CBM 154 Extra"]
[Source "ChessBase"]
[SourceDate "2013.06.25"]
[SourceVersion "2"]
[SourceVersionDate "2013.06.25"]
[SourceQuality "1"]

1. d4 d5 2. c4 c6 3. cxd5 cxd5 4. Nc3 Nc6 5. Bf4 Nf6 6. e3 a6 7. Bd3 e6 8. Nf3 Bd6 9. Bxd6 Qxd6 10. 0-0 0-0 11. Na4 e5 12. dxe5 Nxe5 13. Be2 Nxf3+ 14. Bxf3 Bf5 15. Nc3 Rfd8 16. Ne2 Qb4 17. Qd4 Qxd4 18. Nxd4 Be4 19. Be2 Rac8 20. Rfd1 Kf8 21. Rac1 Ke7 22. b4 Ne8 23. Bg4 Rc4 24. a3 Nd6 25. Be2 Rxc1 26. Rxc1 Rc8 27. Rxc8 Nxc8 28. Nb3 Nd6 29. Nc5 Kd8 30. f3 Bc2 31. Kf2 Kc7 32. Ke1 Bf5 33. Kd2 Bc8 34. Bd3 h6 35. Kc3 Ne8 36. Kd4 Kd6 37. e4 dxe4 38. Bxe4 b6 39. Na4 Kc7 40. Nc3 Nf6 41. Nd5+ Nxd5 42. Bxd5 f6 43. g4 Kd6 44. h3 g5 45. Ke4 Bd7 46. Bc4 a5 47. Kd4 Bc6 48. Be2 Bd5 49. Bd1 Bc6 50. Be2 Bb7 51. Ke3 Ke5 52. Bc4 Bc8 53. Bd3 Bd7 54. Bc4 f5 55. gxf5 Bxf5 56. Bf1 Bd7 57. bxa5 bxa5 58. Bg2 h5 59. Bf1 h4 60. Kf2 Kd4 61. Bg2 Bc6 62. Bf1 Kc3 63. Ke3 Kb3 64. f4 gxf4+ 65. Kxf4 Kxa3 66. Be2 Kb4 67. Ke3 a4 68. Kd2 Kb3 69. Bd1+ Kb4 70. Bxa4 Kxa4 71. Ke3 Bd7 72. Kf4 Bxh3 73. Kg5 1/2-1/2

[Event "Capablanca Memorial op-B 48th"]
[Site "Havana"]
[Date "2013.04.21"]
[Round "1"]
[White "Almirall Exposito, Pedro Antonio"]
[Black "Cuenca Gomez, Jesus"]
[Result "1/2-1/2"]
[WhiteElo "2192"]
[BlackElo "1953"]
[PlyCount "58"]
[EventDate "2013.04.21"]
[EventType "swiss"]
[EventRounds "9"]
[EventCountry "CUB"]
[SourceTitle "CBM 154 Extra"]
[Source "ChessBase"]
[SourceDate "2013.06.25"]
[SourceVersion "2"]
[SourceVersionDate "2013.06.25"]
[SourceQuality "1"]

1. d4 d5 2. c4 e6 3. Nf3 Nf6 4. Nc3 Be7 5. Bg5 b6 6. e3 0-0 7. Be2 Bb7 8. Bxf6 Bxf6 9. cxd5 Bxd5 10. Nxd5 exd5 11. Rc1 Qd6 12. 0-0 c6 13. Qa4 Rc8 14. Rc2 Nd7 15. Rfc1 c5 16. Bb5 Nf8 17. Qa6 Ne6 18. dxc5 Rxc5 19. Rxc5 Nxc5 20. Qa3 Ne4 21. Qb3 Nc5 22. Qc2 a6 23. Bf1 a5 24. a3 Rd8 25. Rd1 Ne6 26. g3 d4 27. Qf5 Qc5 28. Qxc5 bxc5 29. e4 Ng5 1/2-1/2